The complete photo guide to soap making / (Record no. 30924)

MARC details
000 -LEADER
fixed length control field 01019cam a2200313 i 4500
001 - CONTROL NUMBER
control field 19991289
003 - CONTROL NUMBER IDENTIFIER
control field EG-ScBUE
005 - DATE AND TIME OF LATEST TRANSACTION
control field 20250224105250.0
008 - FIXED-LENGTH DATA ELEMENTS--GENERAL INFORMATION
fixed length control field 170914t2018 mnua f bf 001 0 eng d
020 ## - INTERNATIONAL STANDARD BOOK NUMBER
International Standard Book Number 9781589239432
040 ## - CATALOGING SOURCE
Original cataloging agency DLC
Language of cataloging eng
Description conventions rda
Transcribing agency DLC
Modifying agency DLC
-- EG-ScBUE
082 04 - DEWEY DECIMAL CLASSIFICATION NUMBER
Classification number 668.12
Edition number 22
Item number FIS
100 1# - MAIN ENTRY--PERSONAL NAME
Personal name Fisher, David,
Relator term author.
245 14 - TITLE STATEMENT
Title The complete photo guide to soap making /
Statement of responsibility, etc David Fisher.
264 #1 - PUBLICATION, DISTRIBUTION, ETC. (IMPRINT)
Place of publication, distribution, etc Minneapolis, MN :
Name of publisher, distributor, etc Creative Publishing International,
Date of publication, distribution, etc 2018.
264 #4 - PUBLICATION, DISTRIBUTION, ETC. (IMPRINT)
Date of publication, distribution, etc ©2018
300 ## - PHYSICAL DESCRIPTION
Extent 176 pages :
Other physical details color illustrations ;
Dimensions 28 cm
336 ## - CONTENT TYPE
Content type term text
Content type code txt
Source rdacontent
336 ## - CONTENT TYPE
Content type term still image
Content type code sti
Source rdacontent
337 ## - MEDIA TYPE
Media type term unmediated
Media type code n
Source rdamedia
338 ## - CARRIER TYPE
Carrier type term volume
Carrier type code nc
Source rdacarrier
504 ## - BIBLIOGRAPHY, ETC. NOTE
Bibliography, etc Includes bibliographical references and index.
650 #7 - SUBJECT ADDED ENTRY--TOPICAL TERM
Topical term or geographic name as entry element Soap
Form subdivision Handbooks, manuals, etc.
Source of heading or term BUEsh
653 ## - INDEX TERM--UNCONTROLLED
Arrived date list February2025
Resource For college Pharmacy
655 ## - INDEX TERM--GENRE/FORM
Form subdivision Reading book
906 ## - LOCAL DATA ELEMENT F, LDF (RLIN)
a 7
b cbc
c orignew
d 1
e ecip
f 20
g y-gencatlg
942 ## - ADDED ENTRY ELEMENTS (KOHA)
Source of classification or shelving scheme Dewey Decimal Classification
Koha item type Book - Borrowing
Holdings
Withdrawn status Lost status Source of classification or shelving scheme Damaged status Not for loan Collection code Home library Current library Shelving location Date acquired Source of acquisition Cost, normal purchase price Serial Enumeration / chronology Total Checkouts Full call number Barcode Date last seen Cost, replacement price Price effective from Koha item type
    Dewey Decimal Classification     Alahram Central Library Central Library First floor 24/02/2025 Purchase 340.00 154   668.12 FIS 000057287 15/07/2025 425.00 24/02/2025 Book - Borrowing